Municipios de Andalucía - Selecciona los municipios - Estadísticas

Estadísticas generales
  • Esta prueba ha sido intentada 219 veces
  • La puntuación promedio es 53 de 72
Estadísticas de respuestas
Pregunta Azulejo Select % Correcto
Selecciona los municipios de Almería Dos hermanas No
97%
Selecciona los municipios de Almería Úbeda No
95%
Selecciona los municipios de Almería Roquetas de Mar
93%
Selecciona los municipios de Cádiz Fuengirola No
89%
Selecciona los municipios de Almería Baza No
88%
Selecciona los municipios de Málaga Benalmádena
88%
Selecciona los municipios de Cádiz Marbella No
88%
Selecciona los municipios de Cádiz Jerez de la Frontera
87%
Selecciona los municipios de Almería Cortegana No
86%
Selecciona los municipios de Cádiz El puerto de Santa Maria
86%
Selecciona los municipios de Málaga Hinojosa del Duque No
86%
Selecciona los municipios de Málaga Algeciras No
85%
Selecciona los municipios de Málaga Antequera
85%
Selecciona los municipios de Almería Churriana De la Vega No
85%
Selecciona los municipios de Jaén El Viso del Alcor No
85%
Selecciona los municipios de Granada Montoro No
85%
Selecciona los municipios de Málaga Jódar No
84%
Selecciona los municipios de Cádiz Lepe No
84%
Selecciona los municipios de Jaén Linares
84%
Selecciona los municipios de Granada Utrera No
83%
Selecciona los munipios de Huelva Cazorla No
82%
Selecciona los municipios de Málaga Moguer No
82%
Selecciona los munipios de Huelva Andújar No
81%
Selecciona los municipios de Granada Motril
81%
Selecciona los municipios de Córdoba Priego de Córdoba
81%
Selecciona los municipios de Córdoba Salobreña No
81%
Selecciona los municipios de Cádiz Arcos de la Frontera
79%
Selecciona los municipios de Granada Guadix
79%
Selecciona los municipios de Almería Nijar
79%
Selecciona los munipios de Huelva Sanlúcar de Barrameda No
79%
Selecciona los munipios de Huelva Almonte
78%
Selecciona los municipios de Jaén Archidona No
78%
Selecciona los municipios de Sevilla Los Palacios y Villafranca
78%
Selecciona los municipios de Málaga Rincón de la Victoria
78%
Selecciona los municipios de Sevilla Marmolejo No
77%
Selecciona los munipios de Huelva Punta Umbria
77%
Selecciona los municipios de Cádiz Rota
77%
Selecciona los municipios de Córdoba Algarrobo No
76%
Selecciona los municipios de Córdoba Carmona No
76%
Selecciona los municipios de Sevilla Lucainena de las Torres No
76%
Selecciona los municipios de Sevilla Lebrija
75%
Selecciona los munipios de Huelva Lora del Río No
75%
Selecciona los munipios de Huelva Isla Cristina
74%
Selecciona los municipios de Granada Vera No
74%
Selecciona los municipios de Sevilla Los Barrios No
72%
Selecciona los municipios de Granada Torrox No
72%
Selecciona los municipios de Córdoba Herrera No
71%
Selecciona los municipios de Jaén Pozoblanco No
71%
Selecciona los municipios de Almería Vícar
71%
Selecciona los municipios de Granada Baeza No
69%
Selecciona los municipios de Cádiz Morón de la Frontera No
68%
Selecciona los municipios de Jaén Martos
66%
Selecciona los municipios de Jaén Purchena No
66%
Selecciona los municipios de Sevilla Alcalá la Real No
65%
Selecciona los munipios de Huelva Aracena
62%
Selecciona los municipios de Sevilla Tomares
62%
Selecciona los municipios de Jaén La Carlota No
59%
Selecciona los municipios de Sevilla Sanlúcar la Mayor
59%
Selecciona los municipios de Córdoba Baena
58%
Selecciona los municipios de Granada Monachil
58%
Selecciona los municipios de Córdoba Peñarroya - Pueblonuevo
58%
Selecciona los municipios de Sevilla La Rinconada
57%
Selecciona los municipios de Málaga Álora
56%
Selecciona los municipios de Córdoba Rute
56%
Selecciona los munipios de Huelva Cartaya
54%
Selecciona los municipios de Córdoba Doña Mencia
52%
Selecciona los municipios de Jaén Mancha Real
52%
Selecciona los municipios de Granada Íllora
49%
Selecciona los municipios de Jaén Jabalquinto
49%
Selecciona los municipios de Málaga Casares
43%
Selecciona los municipios de Cádiz Espera
37%
Selecciona los municipios de Almería María
36%
No se encontraron pruebas coincidentes
Distribución de puntuación
Porcentaje de gente con cada puntuación
Porcentaje por número respondido
Historial de tus puntuaciones
No has intentado esta prueba.